• 首页
  • 本馆介绍
  • 公告通知
  • 最新文献
  • 馆藏检索
  • 电子资源
  • 读者导购
  • 参考咨询
  • 我的图书馆
  • 登录
  • 详细信息显示
  • 放入我的书架
  • 预约/预借图书
  • 作者相关作品
  • 分类相关作品
  • 丛书相关作品
  • 出版社相关作品

书目信息

  • 表格格式
  • 工作单格式
  • 卡片格式
题名:
张正宇书法选
    
 
作者: 张正宇 书 ;沈鹏 编
分册:  
出版信息: 北京   人民美术出版社  1979
页数: 24幅
开本: 26cm
丛书名:
单 册:
中图分类: J292.28
科图分类:
主题词: 法书--中国--现代
电子资源:
ISBN:
000 00643nam0 2200241 45
001 0179007597
005 20061114145753.96
010    @dCNY0.80
091    @aCN@b8027.7106
100    @a19950724d1979 em y0chiy0121 ea
101 0  @achi
102    @aCN@b110000
105    @ay z 000yy
200 10 @a张正宇书法选@Azhang zheng yu shu fa xuan@f张正宇书@g沈鹏编
210    @a北京@c人民美术出版社@d1979
215    @a24幅@d26cm
300    @a现代书法
606    @a法书@y中国@z现代
690    @aJ292.28@v3
701  0 @a张正宇@Azhang zheng yu@4书
702  0 @a沈鹏@Ashen peng@4编
801  0 @aCN@bTSSF@c20061114
905    @a10447@dJ292.28@e226
    
    张正宇书法选/张正宇书/沈鹏编.-北京:人民美术出版社,1979
    24幅;26cm
    现代书法
    
    ISBN :CNY0.80
    
●
相关链接 在E读中查询图书 在五车中查询图书 在当当中查询图书 在豆瓣中查询图书


正题名:张正宇书法选     索取号:J292.28/226         预约/预借

序号 登录号 条形码 馆藏地/架位号 状态 备注
1 0228107   001208981   第一样本阅览室/ [索取号:J292.28/226] 在馆    
唐山师范学院图书馆 欢迎您!
大连网信软件有限公司© 版权所有